000 00234nam a2200097Ia 4500
008 240331s9999 xx 000 0 und d
082 _bTAM
100 _aTambiah, H.W
245 4 _aThe Laws and customs of the Tamils of Jaffna
942 _cL
999 _c2775
_d2775